000
00197nam a2200085Ia 4500
008
180219s9999 xx 000 0 und d
100
_a
Rani Kanak
245
0
_a
Samajik Adyapan Shikshan
260
_a
R Lal Meerut
260
_c
2013
999
_c
42326
_d
42326